[Event "AUTO-OPEN-2757"]
[Site "http://www.queenalice.com/game.php?id=1089877"]
[Date "2012.8.3"]
[Round "1"]
[White "norbertokruger"]
[Black "matadordegavioes"]
[Result "1-0"]
[WhiteElo "1656"]
[BlackElo "1993"]

1. e4 c6 2. d4 d5 3. e5 Bf5 4. Nf3 e6 5. Nc3 c5 6. a4 a6 7. Bd3 Bxd3 8. Qxd3
cxd4 9. Qxd4 Nc6 10. Qg4 Qc7 11. Bf4 Nge7 12. O-O Ng6 13. Rae1 h5 14. Qg3 O-O-O
15. Bg5 1-0

[Event "AUTO-OPEN-2757"]
[Site "http://www.queenalice.com/game.php?id=1089878"]
[Date "2012.8.3"]
[Round "1"]
[White "matadordegavioes"]
[Black "norbertokruger"]
[Result "0-1"]
[WhiteElo "1964"]
[BlackElo "1756"]

1. Nf3 d5 2. b3 Bf5 3. Bb2 f6 4. Nd4 Qd7 5. e3 e5 6. Nxf5 Nc6 7. Ng3 e4 8. Nc3
O-O-O 9. Be2 Nh6 10. O-O Ne5 11. h3 Nf5 12. Nxf5 Qxf5 0-1

[Event "Let's Play Chess!"]
[Site "http://www.queenalice.com/game.php?id=1170983"]
[Date "2013.4.13"]
[Round "-"]
[White "Eggchaser"]
[Black "matadordegavioes"]
[Result "0-1"]
[WhiteElo "1892"]
[BlackElo "1959"]

1. Nf3 c5 2. e4 d6 3. d4 cxd4 4. Nxd4 Nf6 5. Nc3 Nc6 6. Be3 e6 7. Be2 Be7 8. O-O
O-O 9. Qd2 a6 10. f4 e5 11. fxe5 Nxe5 12. h3 Qc7 13. Nf5 Bxf5 14. Rxf5 b5 15. a3
Nc4 16. Bxc4 Qxc4 17. Qd3 Rac8 18. Rf4 Qc6 19. Rf2 Nd7 20. Qd5 Bh4 21. Rd2 Bg3
22. Rdd1 Ne5 23. Qxd6 Nf3+ 0-1

[Event "Let's Play Chess!"]
[Site "http://www.queenalice.com/game.php?id=1170984"]
[Date "2013.4.13"]
[Round "-"]
[White "matadordegavioes"]
[Black "Eggchaser"]
[Result "1-0"]
[WhiteElo "1945"]
[BlackElo "1896"]

1. d4 Nf6 2. c4 c5 3. d5 b5 4. cxb5 a6 5. bxa6 g6 6. Nc3 Bxa6 7. g3 d6 8. Bg2
Bg7 9. Nf3 Nbd7 10. O-O O-O 11. Qc2 Nb6 12. Rd1 Bb7 13. e4 Nbd7 14. a4 Ba6 15.
Bd2 Ng4 16. h3 Nge5 17. Nb5 Nxf3+ 18. Bxf3 Ne5 19. Be2 Bxb5 20. Bxb5 Nf3+ 21.
Kg2 Nd4 22. Qd3 Nxb5 23. axb5 Bxb2 24. Rab1 Bd4 25. b6 Rb8 26. b7 e6 27. Qa6
exd5 28. exd5 Qc7 29. Bf4 1-0

[Event "Let's Play Chess!"]
[Site "http://www.queenalice.com/game.php?id=1185574"]
[Date "2013.5.29"]
[Round "-"]
[White "matadordegavioes"]
[Black "Eggchaser"]
[Result "1-0"]
[WhiteElo "1972"]
[BlackElo "1859"]

1. d4 Nf6 2. c4 c5 3. d5 b5 4. cxb5 a6 5. bxa6 d6 6. Nc3 Bxa6 7. Nf3 g6 8. g3
Bg7 9. Bg2 O-O 10. O-O Nbd7 11. Re1 Qb6 12. Qc2 Rfb8 13. e4 Ng4 14. h3 Nge5 15.
Nxe5 Nxe5 16. b3 Rc8 17. Rd1 c4 18. Be3 Qc7 19. b4 Rcb8 20. a3 Nd3 21. Rab1 1-0

[Event "AUTO-ADV-2875"]
[Site "http://www.queenalice.com/game.php?id=1189862"]
[Date "2013.6.11"]
[Round "1"]
[White "Ragnor"]
[Black "matadordegavioes"]
[Result "1-0"]
[WhiteElo "2166"]
[BlackElo "2025"]

1. e4 e6 2. Nf3 c5 3. c3 d5 4. e5 d4 5. Bd3 Nc6 6. Qe2 Nge7 7. Bb5 a6 8. Bxc6+
Nxc6 9. d3 Be7 10. Bf4 O-O 11. O-O b6 12. Nbd2 Bb7 13. Rac1 Rc8 14. Ne4 dxc3 15.
bxc3 Qd7 16. Rb1 b5 17. Rfd1 Rcd8 18. Qe3 c4 19. d4 Na5 20. Nfd2 Bd5 21. Bg5 Nb7
22. Nf6+ Bxf6 23. exf6 Rc8 24. Bh6 g6 25. Bg7 Nd6 26. Bxf8 Rxf8 27. f3 Qd8 28.
Qe5 Ne8 29. Ne4 Bxe4 30. fxe4 Nxf6 31. Rf1 Ne8 32. Qc5 Qa5 33. Qb4 Qd8 34. a4
Nc7 35. axb5 axb5 36. Qc5 Qd7 37. Ra1 Rc8 38. Ra7 Qd8 39. Qb6 h5 40. Rfa1 Kg7
41. Rf1 Kg8 42. Rd1 Kg7 43. Rf1 Kg8 44. Qb7 Qe8 45. d5 exd5 46. exd5 Nxd5 47.
Rxf7 Qe3+ 48. Rf2 1-0

[Event "AUTO-ADV-2875"]
[Site "http://www.queenalice.com/game.php?id=1189863"]
[Date "2013.6.11"]
[Round "1"]
[White "matadordegavioes"]
[Black "Ragnor"]
[Result "0-1"]
[WhiteElo "2038"]
[BlackElo "2119"]

1. g4 d5 2. Bg2 c6 3. g5 e5 4. h4 h6 5. d3 Qa5+ 6. Bd2 Qb6 7. Qc1 hxg5 8. hxg5
Rxh1 9. Bxh1 Bg4 10. Nf3 Nd7 11. a4 Bc5 12. e3 a5 13. Na3 Qd8 14. e4 Qb6 15. Be3
Bxe3 16. fxe3 dxe4 17. Nc4 Qb4+ 18. c3 Qc5 19. Nh2 exd3 20. Nxa5 Qxa5 21. Nxg4
e4 22. g6 Qh5 23. gxf7+ Kxf7 24. Bxe4 Qxg4 25. Bxd3 Ne5 26. Be2 Qg1+ 27. Kd2
Rd8+ 28. Kc2 Qg6+ 29. Kb3 Nf6 30. Qf1 Rd2 31. Bc4+ Nxc4 32. Qxc4+ Nd5 33. Rf1+
Ke8 34. e4 Ne3 35. Qg8+ Ke7 36. Qf8+ Ke6 37. Rf4 Ke5 38. Qb8+ Qd6 39. Qxd6+ Rxd6
40. Rf7 g5 41. Rxb7 g4 42. a5 g3 43. a6 c5 44. Re7+ Kf4 45. a7 Ra6 46. Rf7+ Kxe4
47. Re7+ Kd3 48. Rd7+ Ke2 49. c4 g2 50. Rg7 Rxa7 51. Rg8 Ra1 0-1

[Event "AUTO-ADV-2875"]
[Site "http://www.queenalice.com/game.php?id=1189878"]
[Date "2013.6.11"]
[Round "1"]
[White "yodamari"]
[Black "matadordegavioes"]
[Result "0-1"]
[WhiteElo "1788"]
[BlackElo "2023"]

1. d4 e5 2. dxe5 Nc6 3. Nf3 Qe7 4. Bf4 Qb4+ 5. Bd2 Qxb2 6. Nc3 Nb4 7. Nd4 Qa3 8.
Ncb5 Qa5 9. a3 Qb6 10. Bxb4 c5 11. Nd6+ Bxd6 12. exd6 cxb4 13. axb4 Qxb4+ 14.
Qd2 Qxd6 15. e3 Nf6 16. Bd3 O-O 17. Qc3 a6 18. O-O Rb8 19. h3 b5 20. Nf5 Qe6 21.
Qb4 Nd5 22. Qd4 Nf6 23. g4 h6 0-1

[Event "AUTO-ADV-2875"]
[Site "http://www.queenalice.com/game.php?id=1189879"]
[Date "2013.6.11"]
[Round "1"]
[White "matadordegavioes"]
[Black "yodamari"]
[Result "1-0"]
[WhiteElo "2015"]
[BlackElo "1812"]

1. d4 Nf6 2. Bg5 c6 3. Nf3 d5 4. e3 Ne4 5. Bh4 Qb6 6. Qc1 f6 7. Nbd2 Nd7 8. Nxe4
dxe4 9. Nd2 g5 10. Bg3 f5 11. Nc4 Qd8 12. Be2 g4 13. h3 Nf6 14. hxg4 Nxg4 15. f3
Nf6 16. Qd2 Be6 17. Ne5 Qb6 18. Nc4 Bxc4 19. Bxc4 Qxb2 20. O-O exf3 21. Rfb1 Qa3
22. gxf3 Rg8 23. Bxg8 Nxg8 24. Rxb7 Bh6 25. Rb3 Qa6 26. Kf2 Nf6 27. Rb8+ Rxb8
28. Bxb8 1-0

[Event "AUTO-ADV-2875"]
[Site "http://www.queenalice.com/game.php?id=1189890"]
[Date "2013.6.11"]
[Round "1"]
[White "matadordegavioes"]
[Black "NeyFLA"]
[Result "1-0"]
[WhiteElo "2000"]
[BlackElo "1558"]

1. e4 e5 2. Nf3 Nc6 3. d4 exd4 4. Bc4 Bb4+ 5. c3 dxc3 6. O-O cxb2 7. Bxb2 f6 8.
Qb3 Nge7 9. Nc3 d6 10. Rad1 Bg4 11. Nd5 Nxd5 12. exd5 1-0

[Event "AUTO-ADV-2875"]
[Site "http://www.queenalice.com/game.php?id=1189891"]
[Date "2013.6.11"]
[Round "1"]
[White "NeyFLA"]
[Black "matadordegavioes"]
[Result "0-1"]
[WhiteElo "1510"]
[BlackElo "2002"]

1. d4 d5 2. c4 e6 3. Nc3 Nf6 4. Nf3 c6 5. cxd5 exd5 6. Bg5 Be7 7. e3 Bf5 8. Bd3
Bxd3 9. Qxd3 Nbd7 10. O-O O-O 11. Rfe1 h6 0-1

[Event "AUTO-OPEN-3015"]
[Site "http://www.queenalice.com/game.php?id=1192079"]
[Date "2013.6.18"]
[Round "1"]
[White "Ustin"]
[Black "matadordegavioes"]
[Result "0-1"]
[WhiteElo "1956"]
[BlackElo "2023"]

1. e4 c5 2. Nc3 Nc6 3. Bb5 Nd4 4. Bc4 e6 5. Nf3 a6 6. Nxd4 cxd4 7. Ne2 Nf6 8. d3
Bc5 9. O-O O-O 10. f4 d5 11. exd5 b5 12. Bb3 Nxd5 13. Ng3 Bb7 14. Ne4 Bb6 15.
Kh1 a5 16. a4 b4 0-1

[Event "AUTO-OPEN-3015"]
[Site "http://www.queenalice.com/game.php?id=1192080"]
[Date "2013.6.18"]
[Round "1"]
[White "matadordegavioes"]
[Black "Ustin"]
[Result "1-0"]
[WhiteElo "2006"]
[BlackElo "2020"]

1. d4 Nf6 2. c4 e6 3. Nc3 c5 4. Nf3 d5 5. cxd5 exd5 6. Bg5 Be6 7. e3 Nc6 8. Be2
c4 9. O-O Be7 10. b3 O-O 11. bxc4 dxc4 12. Qc2 Rc8 13. Rfd1 h6 14. Bh4 Nb4 15.
Qb2 1-0

[Event "AUTO-OPEN-3015"]
[Site "http://www.queenalice.com/game.php?id=1192095"]
[Date "2013.6.18"]
[Round "1"]
[White "matadordegavioes"]
[Black "alfonso"]
[Result "1-0"]
[WhiteElo "2036"]
[BlackElo "1459"]

1. d4 d6 2. c4 Bf5 3. Nc3 a6 4. e4 Be6 5. Nf3 f6 6. Bd3 Bg4 7. O-O c6 8. h3 Bh5
9. Be3 g5 10. g4 Bg6 11. Kg2 Nd7 12. Rh1 Qb6 13. Qc2 Qc7 14. b3 h5 15. Nh2 O-O-O
16. b4 h4 17. a4 a5 18. b5 c5 19. Nd5 Qb8 20. dxc5 dxc5 21. Bd2 e6 22. Ne3 Ne5
23. Be2 Rd4 24. f3 Qd6 25. Bc3 b6 26. Bxd4 cxd4 27. Rad1 Qd7 28. Nef1 f5 29.
exf5 exf5 30. Qd2 Bb4 31. Qxd4 Qc7 32. Qd5 Nf6 33. Qa8+ Qb8 34. Qxb8+ Kxb8 35.
Ne3 Bc5 36. Nhf1 f4 37. Nd5 Rf8 38. Nd2 Bc2 39. Rc1 Bg6 40. Nxf6 Rxf6 41. Nb1
Kc7 42. Nc3 Be3 43. Nd5+ Kd6 44. Nxf6 Ke6 45. Nd5 Bd4 46. Rcd1 Bc5 47. Nc7+ Ke7
48. Rd5 Nf7 49. Rhd1 Bc2 50. Rd7+ Kf6 51. R1d5 Bxa4 52. Rf5+ Kg7 53. Rfxf7+ Kg8
54. Bd3 Bb3 55. Bh7+ Kh8 56. Rd8+ Bf8 57. Rdxf8# 1-0

[Event "AUTO-OPEN-3015"]
[Site "http://www.queenalice.com/game.php?id=1192096"]
[Date "2013.6.18"]
[Round "1"]
[White "alfonso"]
[Black "matadordegavioes"]
[Result "0-1"]
[WhiteElo "1481"]
[BlackElo "2004"]

1. e4 c5 2. Bc4 e6 3. d3 d5 4. exd5 exd5 5. Bb3 Nf6 6. Ba4+ Nc6 7. Qe2+ Be7 8.
h3 O-O 9. c3 Re8 10. Be3 d4 11. cxd4 cxd4 12. Bd2 Bb4 13. Qxe8+ Qxe8+ 14. Ne2
Bxd2+ 15. Nxd2 Bf5 16. Bb5 a6 17. Ba4 Bxd3 18. O-O Qxe2 19. Nf3 Qxb2 20. Rfd1
Ne4 21. Bxc6 bxc6 22. Ne5 Qxf2+ 23. Kh2 Qf4+ 24. Kg1 Be2 25. Nd3 Qe3+ 26. Kh2
Bxd3 27. Re1 Qf4+ 28. Kg1 Rb8 29. a4 Rb2 30. Rec1 Rxg2+ 31. Kh1 Qh2# 0-1

[Event "AUTO-OPEN-3015"]
[Site "http://www.queenalice.com/game.php?id=1222182"]
[Date "2013.10.4"]
[Round "2"]
[White "Luc_2010"]
[Black "matadordegavioes"]
[Result "1-0"]
[WhiteElo "2205"]
[BlackElo "2019"]

1. g4 d5 2. c4 Bxg4 3. Qb3 dxc4 4. Qxb7 Nd7 5. Na3 Rb8 6. Qxa7 e6 7. Nxc4 Bc5 8.
Qa4 Nf6 9. Bg2 Rb4 10. Qc2 O-O 11. d3 Re8 12. Nf3 1-0

[Event "AUTO-OPEN-3015"]
[Site "http://www.queenalice.com/game.php?id=1222183"]
[Date "2013.10.4"]
[Round "2"]
[White "matadordegavioes"]
[Black "Luc_2010"]
[Result "0-1"]
[WhiteElo "2030"]
[BlackElo "2167"]

1. c4 g6 2. d4 Bg7 3. e4 d6 4. Nc3 Nf6 5. f3 O-O 6. Be3 Nfd7 7. Nge2 c5 8. d5
Ne5 9. b3 a6 10. Qc2 b5 11. cxb5 axb5 0-1

[Event "AUTO-OPEN-3015"]
[Site "http://www.queenalice.com/game.php?id=1222188"]
[Date "2013.10.4"]
[Round "2"]
[White "matadordegavioes"]
[Black "Lucio1973"]
[Result "0-1"]
[WhiteElo "2010"]
[BlackElo "2072"]

1. d4 d5 2. c4 e6 3. Nc3 Nf6 4. Nf3 Be7 5. Bf4 O-O 6. e3 b6 7. cxd5 exd5 8. Bd3
Bb7 9. Ne5 Nbd7 10. O-O c5 11. Nxd7 Qxd7 12. dxc5 Bxc5 13. Rc1 Rac8 14. Qc2 d4
15. exd4 Bxd4 0-1

[Event "AUTO-OPEN-3015"]
[Site "http://www.queenalice.com/game.php?id=1222189"]
[Date "2013.10.4"]
[Round "2"]
[White "Lucio1973"]
[Black "matadordegavioes"]
[Result "1-0"]
[WhiteElo "2086"]
[BlackElo "1996"]

1. e4 Nc6 2. Nf3 d6 3. d4 Nf6 4. Nc3 Bg4 5. Be2 e6 6. O-O Be7 7. a3 O-O 8. h3
Bh5 9. Bf4 d5 10. e5 Nd7 11. Re1 f6 12. g4 Bg6 13. exf6 Nxf6 14. Bg3 Ne4 15.
Nxe4 Bxe4 16. c3 Rc8 17. Ne5 1-0